[Event "Rated Blitz game"]
[Site "?"]
[Date "2021.11.05"]
[Round "?"]
[White "Pichon69"]
[Black "Schachelite"]
[Result "0-1"]
[WhiteElo "2330"]
[BlackElo "2476"]
[PlyCount "90"]
[EventDate "2021.??.??"]
[EventType "blitz"]

1. e4 e5 2. Nf3 d5 3. Nc3 dxe4 4. Nxe4 f5 5. Nc3 Bd6 6. Bc4 Nf6 7. d3 h6 8. Qe2
Nc6 9. Bd2 Qe7 10. O-O-O Be6 11. Bxe6 Qxe6 12. Kb1 O-O-O 13. Rhe1 g5 14. h3
Rhe8 15. Nb5 a6 16. Nxd6+ Qxd6 17. Bc3 Nd7 18. g4 Qf6 19. Nd2 Nc5 20. Qf3 Na4
21. gxf5 Nxc3+ 22. bxc3 Rf8 23. Nc4 Qxf5 24. Qxf5+ Rxf5 25. Re2 Rdf8 26. Rde1
Rxf2 27. Rxf2 Rxf2 28. Nxe5 Nxe5 29. Rxe5 Rf3 30. h4 g4 31. Rh5 Rf6 32. Re5 g3
33. Re8+ Kd7 34. Rg8 Rf3 35. Kb2 Ke6 36. c4 Ke5 37. Rg6 Kf5 38. Rg8 Kf4 39. c5
Ke3 40. Kc3 Kf2 41. Kc4 g2 42. d4 g1=Q 43. Rxg1 Kxg1 44. d5 Rf4+ 45. Kd3 Rxh4 {
Normal} 0-1

[Event "Rated Blitz game"]
[Site "?"]
[Date "2021.11.05"]
[Round "?"]
[White "Online_lessons"]
[Black "Fantastic_power06"]
[Result "1/2-1/2"]
[WhiteElo "2725"]
[BlackElo "2801"]
[PlyCount "50"]
[EventDate "2021.??.??"]
[EventType "blitz"]

1. e4 e5 2. Nf3 d5 3. Nxe5 Bd6 4. d4 dxe4 5. Nc4 Nc6 6. Nc3 Bf5 7. Be3 Nf6 8.
h3 Qd7 9. g4 Bg6 10. Bg2 O-O-O 11. Qe2 Bb4 12. O-O Nxd4 13. Bxd4 Qxd4 14. Rad1
Qc5 15. Nxe4 Nxe4 16. Bxe4 Rde8 17. Bxb7+ Kxb7 18. Qf3+ Be4 19. Qb3 Ka8 20. a3
Ba5 21. Qa4 Bb6 22. Rfe1 Bc6 23. Nxb6+ Qxb6 24. Qc4 Bb7 25. Qxf7 Ref8 {Normal}
1/2-1/2

[Event "Rated Blitz game"]
[Site "?"]
[Date "2021.11.05"]
[Round "?"]
[White "Cel1ic"]
[Black "Fantastic_power06"]
[Result "0-1"]
[WhiteElo "2565"]
[BlackElo "2795"]
[PlyCount "37"]
[EventDate "2021.??.??"]
[EventType "blitz"]

1. e4 e5 2. Nf3 d5 3. d4 dxe4 4. Nxe5 Bd6 5. Nc4 Nc6 6. Nxd6+ Qxd6 7. c3 Bf5 8.
Be3 O-O-O 9. Be2 Nf6 10. O-O h5 11. Na3 Ng4 12. g3 Qg6 13. Qd2 h4 14. Bxg4 Qxg4
15. Qd1 Qh3 16. f3 hxg3 17. Qe2 exf3 18. Rxf3 Bg4 19. Qg2 {Normal} 0-1

[Event "Rated Blitz game"]
[Site "?"]
[Date "2021.11.04"]
[Round "?"]
[White "Erickglezmesa"]
[Black "alaeldin1212"]
[Result "0-1"]
[WhiteElo "2437"]
[BlackElo "2367"]
[PlyCount "54"]
[EventDate "2021.??.??"]
[EventType "blitz"]

1. e4 e5 2. Nf3 d5 3. exd5 e4 4. Qe2 Nf6 5. d3 Qxd5 6. Nfd2 Be7 7. dxe4 Qd8 8.
Qd3 Nbd7 9. f3 O-O 10. Nc3 c6 11. Nb3 Qc7 12. g3 a5 13. a4 b5 14. axb5 cxb5 15.
Nxb5 Qb8 16. Bf4 Qb6 17. Qe3 Nc5 18. Bc7 Qc6 19. N3d4 Qb7 20. Rxa5 Bd7 21. Be2
Bh3 22. c3 Rfc8 23. Qf4 Bd7 24. O-O Ne6 25. Nxe6 fxe6 26. Rxa8 Rxa8 27. Bd6
Bxb5 {Time forfeit} 0-1

[Event "Rated Blitz tournament vLdCHpMf"]
[Site "?"]
[Date "2021.11.04"]
[Round "?"]
[White "stambul65"]
[Black "Elkut"]
[Result "1-0"]
[WhiteElo "2498"]
[BlackElo "2309"]
[PlyCount "61"]
[EventDate "2021.??.??"]
[EventType "blitz"]

1. e4 e5 2. Nf3 d5 3. d4 dxe4 4. Nxe5 Bd6 5. Nc4 Nf6 6. Be2 O-O 7. Bg5 Nc6 8.
c3 Re8 9. Nbd2 Bf5 10. Nf1 h6 11. Bh4 Be7 12. Nfe3 Bg6 13. Qb3 Rb8 14. O-O-O
Nd5 15. Bxe7 Ndxe7 16. Ne5 Kh7 17. Nxf7 Bxf7 18. Qxf7 Rf8 19. Qh5 Rxf2 20. Qg4
Kh8 21. Qxe4 Rxe2 22. Rhf1 Qd6 23. Qf3 Rxe3 24. Qxe3 Nd5 25. Qe4 Rd8 26. Rd3 b5
27. Rg3 a5 28. Rf7 Rg8 29. Rg6 Nf6 30. Rgxf6 gxf6 31. Qh7# {Normal} 1-0

[Event "Rated Blitz game"]
[Site "?"]
[Date "2021.11.04"]
[Round "?"]
[White "YEIKOCASTELLA"]
[Black "Annali-annaliew1979"]
[Result "1-0"]
[WhiteElo "2504"]
[BlackElo "2467"]
[PlyCount "37"]
[EventDate "2021.??.??"]
[EventType "blitz"]

1. e4 e5 2. Nf3 d5 3. exd5 e4 4. Ne5 Bd6 5. d4 Nf6 6. c4 b6 7. Nc3 h6 8. Be2
O-O 9. O-O Bf5 10. f3 Bh7 11. fxe4 Nxe4 12. Nxe4 Bxe4 13. Bd3 Bxd3 14. Qxd3 Nd7
15. Bf4 Qh4 16. g3 Qd8 17. Rae1 a5 18. Nc6 Qc8 19. Bxd6 {Normal} 1-0

[Event "Rated Blitz game"]
[Site "?"]
[Date "2021.11.04"]
[Round "?"]
[White "wooll"]
[Black "Erickglezmesa"]
[Result "0-1"]
[WhiteElo "2363"]
[BlackElo "2461"]
[PlyCount "42"]
[EventDate "2021.??.??"]
[EventType "blitz"]

1. e4 e5 2. Nf3 d5 3. Nxe5 dxe4 4. d4 exd3 5. Bxd3 Nf6 6. O-O Be7 7. Bc4 O-O 8.
Nc3 Nbd7 9. Nxf7 Rxf7 10. Re1 Nb6 11. Bxf7+ Kxf7 12. Qf3 Nbd5 13. Bg5 Bg4 14.
Qg3 Bd6 15. Qh4 Nxc3 16. Bxf6 Qxf6 17. Qxg4 Nd5 18. Rad1 Nf4 19. g3 Ng6 20.
Qc4+ Kf8 21. h4 Ne5 {Normal} 0-1

[Event "Rated Blitz game"]
[Site "?"]
[Date "2021.11.04"]
[Round "?"]
[White "wooll"]
[Black "Erickglezmesa"]
[Result "0-1"]
[WhiteElo "2338"]
[BlackElo "2487"]
[PlyCount "58"]
[EventDate "2021.??.??"]
[EventType "blitz"]

1. e4 e5 2. Nf3 d5 3. Nxe5 dxe4 4. Nc3 Bd6 5. Nc4 Nf6 6. d3 Bb4 7. Bd2 exd3 8.
Bxd3 Qe7+ 9. Ne3 Bg4 10. f3 Bxc3 11. bxc3 Be6 12. O-O O-O 13. Re1 Qc5 14. Kh1
Nc6 15. Rb1 Rad8 16. Rxb7 Ne5 17. Bf1 c6 18. Qc1 a5 19. c4 Nxc4 20. Nxc4 Bxc4
21. Bxc4 Qxc4 22. Bxa5 Ra8 23. Bb4 c5 24. Bd2 Rxa2 25. Bg5 Nd5 26. c3 h6 27.
Bd2 Rfa8 28. h3 Qa4 29. Bxh6 Ra1 {Time forfeit} 0-1

[Event "Rated Blitz game"]
[Site "?"]
[Date "2021.11.04"]
[Round "?"]
[White "BeautiFullMind"]
[Black "DOOGE228"]
[Result "1-0"]
[WhiteElo "2366"]
[BlackElo "2453"]
[PlyCount "45"]
[EventDate "2021.??.??"]
[EventType "blitz"]

1. e4 e5 2. Nf3 d5 3. Nxe5 Bd6 4. d4 dxe4 5. Be2 Bxe5 6. dxe5 Qxd1+ 7. Bxd1 Nc6
8. Nc3 Bf5 9. O-O O-O-O 10. Bf4 Nge7 11. Bg5 Rde8 12. f4 Ng6 13. g4 Bd7 14. f5
Ngxe5 15. Be2 Nd4 16. Be3 Ndf3+ 17. Kg2 Nxg4 18. Bxa7 Ngxh2 19. Rfd1 Bxf5 20.
Nd5 Re6 21. a4 Rg6+ 22. Kh1 Ng4 23. Ne7# {Normal} 1-0

[Event "Rated Blitz game"]
[Site "?"]
[Date "2021.11.04"]
[Round "?"]
[White "Raphick"]
[Black "elrond"]
[Result "0-1"]
[WhiteElo "2403"]
[BlackElo "2383"]
[PlyCount "30"]
[EventDate "2021.??.??"]
[EventType "blitz"]

1. e4 e5 2. Nf3 d5 3. Nxe5 Bd6 4. d4 dxe4 5. Nc4 Nf6 6. Nxd6+ cxd6 7. d5 O-O 8.
c4 Re8 9. b3 Nbd7 10. Bb2 Ne5 11. Be2 Nd3+ 12. Bxd3 exd3+ 13. Kf1 Re2 14. Nd2
Ng4 15. f3 Ne3+ {Normal} 0-1

[Event "Rated Blitz game"]
[Site "?"]
[Date "2021.11.04"]
[Round "?"]
[White "Cavolinho"]
[Black "Fantastic_power06"]
[Result "0-1"]
[WhiteElo "2623"]
[BlackElo "2799"]
[PlyCount "70"]
[EventDate "2021.??.??"]
[EventType "blitz"]

1. e4 e5 2. Nf3 d5 3. Nxe5 Bd6 4. d4 dxe4 5. Be2 Bxe5 6. dxe5 Qxd1+ 7. Bxd1 Nc6
8. Bf4 Nge7 9. Nc3 Ng6 10. Bg3 Bf5 11. O-O O-O-O 12. Re1 Ngxe5 13. Nxe4 Rhe8
14. Nc3 Nd3 15. Rxe8 Rxe8 16. Be2 Ndb4 17. h3 Nd4 18. Bc4 Be6 19. Bxe6+ Rxe6
20. a3 Nbxc2 21. Rc1 Re1+ 22. Rxe1 Nxe1 23. Be5 Ne6 24. Kf1 Nd3 25. Bg3 Nxb2
26. Ke2 Nc4 27. a4 Nd6 28. Nb5 Nxb5 29. axb5 Nd4+ 30. Kd3 Nxb5 31. Be5 f6 32.
Bb2 Nd6 33. Kd4 Kd7 34. g4 Ke6 35. Ke3 Nc4+ {Normal} 0-1

[Event "Rated Blitz game"]
[Site "?"]
[Date "2021.11.04"]
[Round "?"]
[White "lareinedesneiges"]
[Black "rofaidah"]
[Result "1-0"]
[WhiteElo "2652"]
[BlackElo "2476"]
[PlyCount "31"]
[EventDate "2021.??.??"]
[EventType "blitz"]

1. e4 e5 2. Nf3 d5 3. Nc3 dxe4 4. Nxe4 f5 5. Nxe5 fxe4 6. Qh5+ g6 7. Nxg6 hxg6
8. Qxh8 Be6 9. d3 exd3 10. Bxd3 Bf7 11. O-O Nc6 12. Re1+ Nge7 13. Bh6 Kd7 14.
Rad1 Nd4 15. Qxd4+ Kc8 16. Bf5+ {Normal} 1-0

[Event "Rated Blitz game"]
[Site "?"]
[Date "2021.11.04"]
[Round "?"]
[White "Ramlee-Fischer"]
[Black "Annali-annaliew1979"]
[Result "1-0"]
[WhiteElo "2347"]
[BlackElo "2434"]
[PlyCount "95"]
[EventDate "2021.??.??"]
[EventType "blitz"]

1. e4 e5 2. Nf3 d5 3. exd5 e4 4. Nd4 c5 5. Nb3 f5 6. c4 Nf6 7. Nc3 Bd6 8. d3
O-O 9. dxe4 Nxe4 10. Be2 Qh4 11. g3 Qh3 12. Bf1 Qg4 13. Qxg4 fxg4 14. Nxe4 Re8
15. Bg2 Bf5 16. Be3 Bxe4 17. Bxe4 Rxe4 18. O-O Nd7 19. Rac1 Rae8 20. Nd2 R4e7
21. b4 b6 22. a4 cxb4 23. a5 bxa5 24. c5 Be5 25. Nc4 Bc3 26. Nxa5 Ne5 27. Rfd1
Nf3+ 28. Kg2 Rxe3 29. fxe3 Rxe3 30. Rc2 Nd4 31. d6 Nxc2 32. d7 Kf7 33. d8=Q Re6
34. Qd7+ Re7 35. Rf1+ Bf6 36. Qd5+ Kf8 37. Qd8+ Kf7 38. Rxf6+ gxf6 39. Nc6 Re2+
40. Kf1 Re1+ 41. Kf2 Rh1 42. Qe7+ Kg8 43. Qe8+ Kg7 44. Qe7+ Kg8 45. Nd8 Rxh2+
46. Kg1 Rd2 47. Qf7+ Kh8 48. Qf8# {Normal} 1-0

[Event "Rated Blitz game"]
[Site "?"]
[Date "2021.11.04"]
[Round "?"]
[White "Kitikites"]
[Black "Armament_Haki"]
[Result "1/2-1/2"]
[WhiteElo "2486"]
[BlackElo "2547"]
[PlyCount "30"]
[EventDate "2021.??.??"]
[EventType "blitz"]

1. e4 e5 2. Nf3 d5 3. Nc3 dxe4 4. Nxe4 f5 5. Nc3 e4 6. Qe2 Be7 7. Ne5 Qd6 8. f4
Nd7 9. Nb5 Qb6 10. Nc4 Qc6 11. a4 a6 12. Na5 Qb6 13. Nc4 Qc6 14. Na5 Qb6 15.
Nc4 Qc6 {Normal} 1/2-1/2

[Event "Rated Blitz game"]
[Site "?"]
[Date "2021.11.04"]
[Round "?"]
[White "Slava-Ukr"]
[Black "Annali-annaliew1979"]
[Result "0-1"]
[WhiteElo "2407"]
[BlackElo "2462"]
[PlyCount "86"]
[EventDate "2021.??.??"]
[EventType "blitz"]

1. e4 e5 2. Nf3 d5 3. exd5 e4 4. Qe2 f5 5. d3 Nf6 6. Nfd2 Be7 7. dxe4 Nxe4 8.
Nxe4 fxe4 9. Qxe4 O-O 10. Be3 Bd6 11. Nc3 Bf5 12. Qa4 Nd7 13. Bd3 Nb6 14. Qb3
Bxd3 15. cxd3 Qf6 16. O-O Qg6 17. Ne4 Nc8 18. Rac1 Qh5 19. h3 b6 20. Nxd6 Nxd6
21. Rxc7 Kh8 22. Qc3 Rf7 23. Rxf7 Qxf7 24. Rc1 Rf8 25. Qe5 Nf5 26. Bd4 Re8 27.
Rc7 Rxe5 28. Rxf7 Kg8 29. Bxe5 Kxf7 30. g4 Ne7 31. d6 Nc6 32. Bg3 Ke6 33. Kf1
Nd4 34. Ke1 g5 35. Kd2 Nc6 36. Ke3 Kd5 37. f4 h6 38. f5 Nd8 39. b3 Nf7 40. Ke2
b5 41. Kd2 b4 42. Ke3 Nd8 43. h4 Nc6 {Time forfeit} 0-1

[Event "Rated Blitz game"]
[Site "?"]
[Date "2021.11.04"]
[Round "?"]
[White "The_whip"]
[Black "tactinhos2900"]
[Result "0-1"]
[WhiteElo "2464"]
[BlackElo "2583"]
[PlyCount "86"]
[EventDate "2021.??.??"]
[EventType "blitz"]

1. e4 e5 2. Nf3 d5 3. d3 Nc6 4. exd5 Qxd5 5. Nc3 Bb4 6. Bd2 Bxc3 7. Bxc3 Nf6 8.
Qe2 O-O 9. a3 Bg4 10. h3 Rfe8 11. hxg4 e4 12. O-O-O exf3 13. Qxf3 Qg5+ 14. Kb1
Qxg4 15. Bxf6 Qxf3 16. gxf3 gxf6 17. Bh3 Nd4 18. Rdg1+ Kf8 19. Bd7 Re2 20. Ba4
Nxf3 21. Rg3 Rxf2 22. Rxh7 Ke7 23. Bb3 Ng5 24. Rh4 Rd8 25. Rc4 c6 26. Rb4 Rd7
27. Re3+ Kd8 28. Rg4 Re7 29. Rxe7 Kxe7 30. Ka2 Ne6 31. a4 f5 32. Rg8 f4 33.
Bxe6 fxe6 34. Rg7+ Kf6 35. Rxb7 f3 36. Rb8 Kf7 37. Rb7+ Kg6 38. Re7 Kf6 39. Re8
Kf7 40. Rc8 Rg2 41. Rc7+ Kf6 42. Rc8 Rg7 43. Re8 f2 {Normal} 0-1

[Event "Rated Blitz game"]
[Site "?"]
[Date "2021.11.04"]
[Round "?"]
[White "l8pawn"]
[Black "Annali-annaliew1979"]
[Result "1-0"]
[WhiteElo "2523"]
[BlackElo "2455"]
[PlyCount "89"]
[EventDate "2021.??.??"]
[EventType "blitz"]

1. e4 e5 2. Nf3 d5 3. Nxe5 Qe7 4. d4 f6 5. Nf3 dxe4 6. Ng1 f5 7. Bc4 Nf6 8. Nc3
Nc6 9. Nge2 Be6 10. Bxe6 Qxe6 11. d5 Nxd5 12. Qxd5 Qxd5 13. Nxd5 O-O-O 14. Ne3
g6 15. O-O Bc5 16. b3 Bd4 17. Nxd4 Nxd4 18. Bb2 Rhe8 19. Bxd4 Rxd4 20. Rad1 c5
21. c3 Rxd1 22. Rxd1 f4 23. Nc4 Kc7 24. g3 g5 25. Rd5 e3 26. fxe3 fxe3 27.
Rxc5+ Kb8 28. Re5 Rd8 29. Rxe3 b5 30. Ne5 Rd2 31. a4 bxa4 32. bxa4 Ra2 33. Re4
Kc7 34. Nf3 h6 35. h4 gxh4 36. Rxh4 Ra3 37. Rxh6 Rxc3 38. Kf2 a5 39. Rh5 Kb6
40. Rb5+ Ka6 41. Rd5 Ra3 42. Rd6+ Kb7 43. Rd4 Kb6 44. g4 Kc5 45. g5 {Normal}
1-0

[Event "Rated Blitz game"]
[Site "?"]
[Date "2021.11.04"]
[Round "?"]
[White "Slea"]
[Black "Annali-annaliew1979"]
[Result "1/2-1/2"]
[WhiteElo "2461"]
[BlackElo "2420"]
[PlyCount "133"]
[EventDate "2021.??.??"]
[EventType "blitz"]

1. e4 e5 2. Nf3 d5 3. d4 dxe4 4. Nxe5 Bd6 5. Nc3 Nf6 6. Bg5 Bxe5 7. dxe5 Qxd1+
8. Rxd1 h6 9. exf6 hxg5 10. Nxe4 g6 11. Bc4 Rh5 12. O-O Nc6 13. Rfe1 Kf8 14.
Bb5 Bf5 15. Ng3 Rh4 16. Bxc6 bxc6 17. Re7 Re8 18. Nxf5 gxf5 19. Rdd7 Rxe7 20.
fxe7+ Ke8 21. Rxc7 Rc4 22. c3 a5 23. Kf1 a4 24. a3 Re4 25. f3 Re6 26. Kf2 f4
27. g3 f5 28. gxf4 gxf4 29. Ra7 Rh6 30. Kg1 Rg6+ 31. Kf1 Rh6 32. Rxa4 Rxh2 33.
Rxf4 Rxb2 34. Rxf5 Rb3 35. Re5 Rxc3 36. Kf2 Rxa3 37. f4 Ra7 38. Re6 Rxe7 39.
Rxc6 Kf7 40. Kf3 Ra7 41. Kg4 Rd7 42. Kg5 Ra7 43. f5 Re7 44. Rf6+ Kg7 45. Rg6+
Kh7 46. Rh6+ Kg8 47. Kg6 Rg7+ 48. Kf6 Ra7 49. Rh1 Ra6+ 50. Kg5 Ra2 51. Rb1 Ra3
52. Kg6 Rg3+ 53. Kf6 Rg2 54. Rb8+ Kh7 55. Kf7 Rf2 56. f6 Rf1 57. Rb5 Kh6 58.
Re5 Rf2 59. Ke7 Kg6 60. f7 Rxf7+ 61. Ke6 Rf1 62. Re2 Rf8 63. Rg2+ Kh6 64. Rh2+
Kg6 65. Rg2+ Kh6 66. Rh2+ Kg6 67. Rg2+ {Normal} 1/2-1/2

[Event "Rated Blitz game"]
[Site "?"]
[Date "2021.11.04"]
[Round "?"]
[White "Bartsky2019"]
[Black "Annali-annaliew1979"]
[Result "1-0"]
[WhiteElo "2382"]
[BlackElo "2421"]
[PlyCount "77"]
[EventDate "2021.??.??"]
[EventType "blitz"]

1. e4 e5 2. Nf3 d5 3. exd5 e4 4. Nd4 c5 5. Nb3 f5 6. d4 Nf6 7. dxc5 b6 8. Bb5+
Kf7 9. Nc3 bxc5 10. Bg5 Bd6 11. h3 a6 12. Bxf6 Qxf6 13. Bc6 Ra7 14. Qd2 Bd7 15.
O-O-O Be5 16. Nxc5 Bxc3 17. Qxc3 Qxc3 18. bxc3 Bxc6 19. dxc6 Nxc6 20. Rd6 Rc8
21. Rhd1 a5 22. Nd7 Rac7 23. Nb6 Rb8 24. Nd5 Rcc8 25. Rd7+ Kf8 26. Nf4 Ne5 27.
Ne6+ Kg8 28. Rxg7+ Kh8 29. Rd5 Re8 30. Rxe5 Rxe6 31. Rxh7+ Kxh7 32. Rxe6 Kg7
33. g4 fxg4 34. hxg4 Rf8 35. Rxe4 Rxf2 36. Re5 Rf4 37. g5 Rg4 38. Rxa5 Kg6 39.
Kb2 {Normal} 1-0

[Event "Rated Blitz game"]
[Site "?"]
[Date "2021.11.04"]
[Round "?"]
[White "Tokar1987"]
[Black "Annali-annaliew1979"]
[Result "1-0"]
[WhiteElo "2432"]
[BlackElo "2424"]
[PlyCount "67"]
[EventDate "2021.??.??"]
[EventType "blitz"]

1. e4 e5 2. Nf3 d5 3. Nxe5 Qe7 4. d4 f6 5. Nd3 Nc6 6. c3 Bf5 7. Nc5 Bxe4 8.
Nxe4 Qxe4+ 9. Qe2 Qxe2+ 10. Bxe2 Bd6 11. O-O Nge7 12. Nd2 h5 13. Bf3 g5 14. h3
f5 15. g3 g4 16. hxg4 hxg4 17. Bg2 f4 18. gxf4 Bxf4 19. Re1 Kd7 20. Nb3 b6 21.
Bxf4 Raf8 22. Bg3 Rhg8 23. Re2 Nf5 24. Bxd5 Nxg3 25. Bxc6+ Kxc6 26. fxg3 Rf3
27. Kg2 Kd5 28. Rf1 Rgf8 29. Ref2 Kc4 30. Nd2+ Kd3 31. Nxf3 gxf3+ 32. Rxf3+
Rxf3 33. Rxf3+ Ke4 34. g4 {Normal} 1-0

[Event "Rated Blitz game"]
[Site "?"]
[Date "2021.11.04"]
[Round "?"]
[White "Imeanbutokey"]
[Black "Tristan2020"]
[Result "1-0"]
[WhiteElo "2462"]
[BlackElo "2376"]
[PlyCount "27"]
[EventDate "2021.??.??"]
[EventType "blitz"]

1. e4 e5 2. Nf3 d5 3. exd5 e4 4. Qe2 Nf6 5. Nc3 Bb4 6. Qb5+ c6 7. dxc6 Nxc6 8.
Ne5 Bxc3 9. Nxc6 Bxd2+ 10. Bxd2 bxc6 11. Qxc6+ Bd7 12. Qd6 Qb6 13. Bb4 Rb8 14.
Qe7# {Normal} 1-0

[Event "Rated Blitz game"]
[Site "?"]
[Date "2021.11.04"]
[Round "?"]
[White "RafaelCabral"]
[Black "Erickglezmesa"]
[Result "0-1"]
[WhiteElo "2324"]
[BlackElo "2417"]
[PlyCount "102"]
[EventDate "2021.??.??"]
[EventType "blitz"]

1. e4 e5 2. Nf3 d5 3. exd5 e4 4. Qe2 Nf6 5. Nc3 Bf5 6. d3 Bb4 7. Nh4 Bg4 8. f3
Nxd5 9. Qxe4+ Be6 10. Bd2 O-O 11. O-O-O Nxc3 12. Bxc3 Bxc3 13. bxc3 Bd5 14. Qg4
Qf6 15. c4 Be6 16. Qe4 Nd7 17. d4 Nb6 18. Bd3 g6 19. d5 Bd7 20. c5 Na4 21. c6
Qb2+ 22. Kd2 Qc3+ 23. Kc1 Qa3+ 24. Kd2 bxc6 25. dxc6 Qc3+ 26. Kc1 Rab8 27. Qxa4
Rb4 28. Qxb4 Qxb4 29. cxd7 Qxh4 30. Be4 Qg5+ 31. Rd2 Rd8 32. Kd1 Qe7 33. Bc6
Qc5 34. Ba4 c6 35. Re1 Kf8 36. Bb3 Qb6 37. Kc1 Qc7 38. Red1 a5 39. a4 Qxh2 40.
Re1 Qc7 41. Red1 h5 42. g4 h4 43. f4 Qxf4 44. Kb1 Qxg4 45. Rd6 h3 46. R1d4 Qf5
47. Rxc6 Rxd7 48. Rxd7 Qxd7 49. Rc3 h2 50. Kb2 h1=Q 51. Rd3 Qh8+ {Normal} 0-1

[Event "Rated Blitz game"]
[Site "?"]
[Date "2021.11.04"]
[Round "?"]
[White "Pichon69"]
[Black "Annali-annaliew1979"]
[Result "1/2-1/2"]
[WhiteElo "2342"]
[BlackElo "2424"]
[PlyCount "132"]
[EventDate "2021.??.??"]
[EventType "blitz"]

1. e4 e5 2. Nf3 d5 3. Nc3 dxe4 4. Nxe4 f5 5. Nc3 e4 6. Ng1 Bc5 7. d3 Nf6 8. Bg5
Qd4 9. Be3 Qb4 10. Bxc5 Qxc5 11. dxe4 fxe4 12. Qe2 Nc6 13. Nxe4 Nxe4 14. Qxe4+
Qe5 15. Qxe5+ Nxe5 16. f4 Ng6 17. g3 Bg4 18. Be2 Bxe2 19. Nxe2 O-O-O 20. Rd1
Rhe8 21. Rxd8+ Rxd8 22. Rf1 Ne7 23. Rf3 Nf5 24. Rd3 Re8 25. Kf2 h5 26. Rd5 g6
27. Re5 Rd8 28. Ke1 Rd6 29. h3 Rb6 30. b3 Ra6 31. a4 Rc6 32. Kd2 Rd6+ 33. Kc1
Kd7 34. g4 hxg4 35. hxg4 Nh4 36. Nc3 c6 37. Ne4 Rd4 38. c3 Rd5 39. Nf6+ Kd6 40.
Nxd5 cxd5 41. Kc2 Ng2 42. Rg5 Nxf4 43. Kd2 Ke6 44. Ke3 Ng2+ 45. Kf3 Nh4+ 46.
Kg3 Nf5+ 47. gxf5+ gxf5 48. Rg7 Ke5 49. Rxb7 Ke4 50. Rxa7 f4+ 51. Kf2 Kd3 52.
Rd7 Kxc3 53. Kf3 Kxb3 54. Kxf4 Kxa4 55. Rxd5 Kb4 56. Ke5 Kc4 57. Ke4 Kb4 58.
Kd4 Kb3 59. Rc5 Kb4 60. Rc4+ Kb5 61. Kd5 Kb6 62. Rc5 Kb7 63. Rc6 Ka7 64. Kd6
Kb7 65. Kd7 Ka7 66. Rb6 Kxb6 {Normal} 1/2-1/2

[Event "Rated Blitz game"]
[Site "?"]
[Date "2021.11.04"]
[Round "?"]
[White "kahvekahve13"]
[Black "kamaio"]
[Result "0-1"]
[WhiteElo "2485"]
[BlackElo "2366"]
[PlyCount "70"]
[EventDate "2021.??.??"]
[EventType "blitz"]

1. e4 e5 2. Nf3 d5 3. exd5 e4 4. Qe2 Nf6 5. d3 Qxd5 6. Nbd2 Be7 7. Nxe4 O-O 8.
Bd2 Nc6 9. Bc3 Bg4 10. h3 Bh5 11. Qe3 Rfe8 12. Be2 Nxe4 13. dxe4 Qe6 14. O-O
Bb4 15. Ng5 Qh6 16. Bxh5 Qxh5 17. Bxb4 Nxb4 18. Rfc1 Rad8 19. a3 Nd5 20. Qg3
Nf6 21. Nf3 Nxe4 22. Qxc7 Rc8 23. Qxb7 Qc5 24. Rf1 Ng3 25. Rfe1 Ne2+ 26. Kf1
Qxc2 27. Rad1 Nf4 28. Kg1 Ne2+ 29. Kh2 Nf4 30. Rxe8+ Rxe8 31. Rd7 Qxf2 32. Ne5
Ne2 33. Rd1 Qg3+ 34. Kh1 Qxe5 35. Re1 Ng3+ {Normal} 0-1

[Event "Rated Blitz tournament TwYCXk7Y"]
[Site "?"]
[Date "2021.11.04"]
[Round "?"]
[White "junmark-baldesimo24"]
[Black "yevkool1983"]
[Result "0-1"]
[WhiteElo "2583"]
[BlackElo "2301"]
[PlyCount "84"]
[EventDate "2021.??.??"]
[EventType "blitz"]

1. e4 e5 2. Nf3 d5 3. exd5 e4 4. Nd4 Qxd5 5. Nb3 Nc6 6. Nc3 Qe5 7. Qe2 Nf6 8.
d4 exd3 9. Qxe5+ Nxe5 10. Bxd3 Bd6 11. O-O O-O 12. Be2 Nc6 13. h3 Bf5 14. Bd1
Nb4 15. Nd4 Bg6 16. a3 Nc6 17. Nxc6 bxc6 18. Na4 Rfe8 19. c3 Bd3 20. Be3 Bxf1
21. Kxf1 Nd5 22. Bd4 Be5 23. Bc5 Bd6 24. Bd4 a5 25. g3 Rab8 26. Bf3 Be5 27. Bc5
Bd6 28. Bd4 f6 29. Rd1 Kf7 30. c4 Ne7 31. c5 Be5 32. Bxe5 fxe5 33. Rd7 Rbc8 34.
Bxc6 Red8 35. Rxd8 Rxd8 36. Be4 Rd4 37. Bc2 Rd2 38. Be4 Kf6 39. Ke1 Rd4 40. Nc3
Rc4 41. Bd3 Rxc5 42. Ne4+ Ke6 {Time forfeit} 0-1

[Event "Rated Blitz game"]
[Site "?"]
[Date "2021.11.04"]
[Round "?"]
[White "haychesspoker"]
[Black "Erickglezmesa"]
[Result "1-0"]
[WhiteElo "2522"]
[BlackElo "2426"]
[PlyCount "83"]
[EventDate "2021.??.??"]
[EventType "blitz"]

1. e4 e5 2. Nf3 d5 3. exd5 e4 4. Qe2 Nf6 5. d3 Qxd5 6. Nbd2 Bg4 7. Nxe4 Nxe4 8.
Qxe4+ Qxe4+ 9. dxe4 Nc6 10. c3 O-O-O 11. Be3 Bd6 12. Be2 Rhe8 13. Ng5 Bxe2 14.
Kxe2 f6 15. Nf7 Rd7 16. Nxd6+ Rxd6 17. f3 f5 18. exf5 Ne5 19. Bd4 Nc6+ 20. Kf2
Nxd4 21. cxd4 Rxd4 22. Rad1 Rc4 23. Rd2 b5 24. Re1 Rxe1 25. Kxe1 a5 26. g4 a4
27. Kf2 c6 28. h4 Kc7 29. h5 h6 30. Kg3 a3 31. bxa3 Rc3 32. g5 hxg5 33. f6 gxf6
34. h6 Rxa3 35. h7 Ra8 36. Kg4 Rh8 37. Rh2 c5 38. Kf5 c4 39. Kxf6 b4 40. Kg7
Ra8 41. Rc2 c3 42. a3 {Normal} 1-0

[Event "Rated Blitz game"]
[Site "?"]
[Date "2021.11.04"]
[Round "?"]
[White "Barys74"]
[Black "Fantastic_power06"]
[Result "0-1"]
[WhiteElo "2802"]
[BlackElo "2789"]
[PlyCount "144"]
[EventDate "2021.??.??"]
[EventType "blitz"]

1. e4 e5 2. Nf3 d5 3. d3 Nc6 4. exd5 Qxd5 5. Nc3 Bb4 6. Be2 Nf6 7. O-O Qd6 8.
a3 Bxc3 9. bxc3 O-O 10. a4 Rd8 11. Bg5 h6 12. Bh4 Bf5 13. Nd2 Ne7 14. Nc4 Qe6
15. Bf3 Ng6 16. Bg3 e4 17. Re1 Qa6 18. Be2 exd3 19. cxd3 Ne4 20. Bf1 Nxg3 21.
hxg3 Qf6 22. Qc2 Re8 23. Ne3 Be6 24. d4 c6 25. Rab1 Rab8 26. a5 h5 27. Bd3 Ne7
28. Rb4 h4 29. gxh4 Qxh4 30. d5 Qf6 31. dxe6 Qxe6 32. Re4 Qf6 33. Nc4 Kf8 34.
Qe2 Rbd8 35. Bc2 g6 36. Ne5 Kg7 37. Ng4 Qg5 38. Nh2 Kf8 39. Nf3 Qc5 40. Qe3
Qxe3 41. R4xe3 Nd5 42. Rxe8+ Rxe8 43. Rxe8+ Kxe8 44. c4 Nb4 45. Bb3 Ke7 46. c5
Nd3 47. Ng5 Nxc5 48. Bxf7 Kf6 49. f4 b5 50. axb6 axb6 51. Kf2 b5 52. Ke3 b4 53.
Bc4 b3 54. Ne4+ Nxe4 55. Kxe4 b2 56. Bd3 g5 57. f5 g4 58. Kf4 g3 59. Kxg3 Kg5
60. Kf3 c5 61. g4 c4 62. Bb1 c3 63. Kg3 Kf6 64. Kf4 Kf7 65. g5 Ke7 66. g6 Kd6
67. Kg5 c2 68. f6 Kc5 69. Bxc2 Kd4 70. Bf5 Kc3 71. f7 Kd2 72. f8=Q b1=Q {
Time forfeit} 0-1

[Event "Rated Blitz game"]
[Site "?"]
[Date "2021.11.04"]
[Round "?"]
[White "ramza39"]
[Black "Schachelite"]
[Result "1-0"]
[WhiteElo "2479"]
[BlackElo "2478"]
[PlyCount "45"]
[EventDate "2021.??.??"]
[EventType "blitz"]

1. e4 e5 2. Nf3 d5 3. d4 dxe4 4. Nxe5 Bd6 5. Be2 Nf6 6. O-O O-O 7. Nc3 Qe7 8.
Nc4 Nc6 9. Nxd6 Qxd6 10. Nb5 Qe7 11. c4 a6 12. Nc3 Rd8 13. d5 Ne5 14. Qc2 c6
15. Nxe4 Bf5 16. d6 Rxd6 17. Bg5 Bxe4 18. Qxe4 Nxe4 19. Bxe7 Rd2 20. Rfe1 Rxb2
21. Bf1 f5 22. f3 Re8 23. Ba3 {Normal} 1-0

[Event "Rated Blitz game"]
[Site "?"]
[Date "2021.11.04"]
[Round "?"]
[White "LS1502"]
[Black "mhmmt_yldz"]
[Result "0-1"]
[WhiteElo "2351"]
[BlackElo "2418"]
[PlyCount "39"]
[EventDate "2021.??.??"]
[EventType "blitz"]

1. e4 e5 2. Nf3 d5 3. exd5 e4 4. Qe2 Nf6 5. Nc3 Bd6 6. Nxe4 O-O 7. d3 Nxd5 8.
Bd2 Re8 9. c4 Nf4 10. Bxf4 Bxf4 11. g3 Bh6 12. Bg2 f5 13. O-O Nc6 14. Rad1 Qe7
15. Rfe1 fxe4 16. dxe4 Bg4 17. h3 Be6 18. a3 Qc5 19. Rc1 Bxc1 20. Rxc1 {Normal}
0-1